ბათუმის შოთა რუსთაველის სახელმწიფო უნივერსიტეტის ბიბლიოთეკა

სასოფლო–სამეურნეო ცხოველთა დაავადებები, მათი პროფილაქტიკა და მკურნალობა : (ბიბ.ჩანაწერი № 38486)

000 -ლიდერი
ფიქსირებული სიგრძის საკონტროლო ველი 01590nam a2200241Ia 4500
001 - საკონტროლო ნომერი
საკონტროლო ველი 4499
003 - საკონტროლო ნომრის იდენტიფიკატორი
საკონტროლო ველი GE_BSU
005 - ბოლო ოპერაციის თარიღი და დრო
საკონტროლო ველი 20191016165458.0
008 - ფიქსირებული სიგრძის მონაცემთა ელემენტები - ზოგადი ინფორმაცია
ფიქსირებული სიგრძის საკონტროლო ველი 181216s2012||||ge |||||||||||||| ||geo||
020 ## - წიგნის საერთაშორისო სტანდარტული ნომერი
International Standard Book Number 9789941922282
040 ## - კატალოგიზაციის წყარო
Transcribing agency GE_BSU
080 ## - უნივერსალური ათობითი კლასიფიკაციის ინდექსი
Universal Decimal Classification number 619 კ–80
100 ## - მთავარი ჩანაწერი - პიროვნების სახელი
Personal name კოჩალიძე, ამირან
9 (RLIN) 4772
245 ## - ცნობა სათაურის შესახებ
Title სასოფლო–სამეურნეო ცხოველთა დაავადებები, მათი პროფილაქტიკა და მკურნალობა :
Remainder of title სახელმძღვ. /
Statement of responsibility, etc ამირან კოჩალიძე; რედ. თინა გელაშვილი.
264 ## - წარმოების, გამოცემის, დისტრიბუციის და სხვა ცნობები
გამოცემის, წარმოების, დისტრიბუციის... ადგილი ახალციხე :
გამოცემის, წარმოების, დისტრიბუციის... სახელწოდება ახალციხის უნ-ტი,
გამოცემის, წარმოების, დისტრიბუციის... თარიღი 2012.
300 ## - ფიზიკური აღწერა
Extent 545 გვ. ;
Other physical details 19 სმ.
653 ## - INDEX TERM--UNCONTROLLED
Uncontrolled term სასოფლო-სამეურნეო ცხოველების დაავადებების მკურნალობა;
653 ## - INDEX TERM--UNCONTROLLED
Uncontrolled term სასოფლო-სამეურნეო ცხოველების დაავადებების პროფილაქტიკა;
700 ## - ADDED ENTRY--PERSONAL NAME
Personal name გელაშვილი, თინა
Relator term რედაქტორი
9 (RLIN) 4768
710 ## - ADDED ENTRY--CORPORATE NAME
Corporate name or jurisdiction name as entry element IAAD; შვეიცარიის განვითარებისა და თანამშრომლობის სააგენტო მერსი ქორფსი;
9 (RLIN) 4773
710 ## - ADDED ENTRY--CORPORATE NAME
Corporate name or jurisdiction name as entry element ახალციხის სახელმწ. სასწავლო უნ-ტი;
9 (RLIN) 4770
942 ## - ADDED ENTRY ELEMENTS (KOHA)
Koha item type წიგნი
Source of classification or shelving scheme
ეგზემპლარები
ჩამოწერის სტატუსი დაკარგული ეგზემპლარის სტატუსი კლასიფიკაციის წყარო ან თაროზე გაწყობის სქემა დაზიანების სტატუსი არ გაიცემა მუდმივი მდებარეობა (დაცვის ადგილი) ამჟამინდელი ადგილსამყოფელი თაროზე განთავსების ადგილი შეძენის თარიღი სრული შენახვის შიფრი შტრიხკოდი ბოლო ოპერაციის თარიღი ეგზემპლარის მიმდევრობითი ნომერი (კეტერი?) ფასის ძალაში შესვლის თარიღი ეგზემპლარის სახეობა საჯარო შენიშვნა
          ბათუმის შოთა რუსთაველის სახელმწიფო უნივერსიტეტის მთავარი ბიბლიოთეკა ბათუმის შოთა რუსთაველის სახელმწიფო უნივერსიტეტის მთავარი ბიბლიოთეკა წიგნსაცავი 2018-12-17 619 კ–80 6068 2018-12-17 6068 2018-12-17 წიგნი